2026 NFL Draft First Round - Statistics

General Stats
  • This quiz has been taken 6 times
  • The average score is 22 of 32
Answer Stats
No. Picked Position College Answer % Correct
5 LB/EDGE Ohio State Arvell Reese
100%
11 S Ohio State Caleb Downs
100%
4 WR Ohio State Carnell Tate
100%
2 EDGE Texas Tech David Bailey
100%
1 QB Indiana Fernando Mendoza
100%
3 RB Notre Dame Jeremiyah Love
100%
8 WR Arizona State Jordan Tyson
100%
20 WR USC Makai Lemon
100%
7 LB Ohio State Sonny Styles
100%
13 QB Alabama Ty Simpson
100%
16 TE Oregon Kenyon Sadiq
83%
17 OT Clemson Blake Miller
67%
18 DT Florida Caleb Banks
67%
25 S Oregon Dillon Thieneman
67%
10 OT Miami Francis Mauigoa
67%
32 RB Notre Dame Jadarian Price
67%
31 EDGE Auburn Kendrick Faulk
67%
6 CB LSU Mansoor Delane
67%
30 WR Indiana Omar Cooper Jr
67%
15 EDGE Miami Rueben Bain Jr.
67%
9 OT Utah Spencer Fano
67%
28 OT Utah Caleb Lomu
50%
12 OT Alabama Kadyn Proctor
50%
24 WR Texas A&M KC Concepcion
50%
23 EDGE UCF Malachi Lawrence
50%
19 OT Georgia Monroe Freeling
50%
14 OG Penn State Vega Ioane
50%
22 EDGE Miami Akheem Mesidor
33%
27 CB San Diego State Chris Johnson
33%
26 OG Georgia Tech Keylan Rutledge
33%
21 OT Arizona State Max Iheanachor
33%
29 DT Clemson Peter Woods
33%
No matching quizzes found
Score Distribution
Percent of People with Each Score
Percentile by Number Answered
Your Score History
You have not taken this quiz